000
00342pab a2200157 454500
008
180718b2000 xxu||||| |||| 00| 0 eng d
100
_a
Rao, K. Mohan
245
_a
Traditional tribal panchayats
260
_c
2000
300
_a
p.22-24
362
_a
Apr
650
_a
Panchayat
650
_a
Tribes
773
_a
Yojana
909
_a
44212
999
_c
44212
_d
44212